[Event "4NCL Division 4 South"]
[Site "Maidenhead, ENG"]
[Date "2020.02.08"]
[Round "5.164"]
[White "Farahi-Far, Mohammad"]
[Black "Stoica, Horace"]
[Result "1-0"]
[WhiteElo "1555"]
[BlackElo "1075"]
[PlyCount "35"]
[EventDate "2020.02.08"]
[WhiteTeam "Barnet Knights 3"]
[BlackTeam "Barnet Knights 4"]

1. c4 Nf6 2. Nc3 g6 3. Nf3 Bg7 4. d4 d6 5. g3 O-O 6. Bg2 Bg4 7. O-O c5 8. Be3
Nc6 9. Qd2 cxd4 10. Nxd4 Nxd4 11. Bxd4 Qd7 12. Nd5 Bh3 13. Bxf6 Bxg2 14. Bxg7
Bxf1 15. Bxf8 Rxf8 16. Rxf1 Rc8 17. b3 e6 18. Nf6+ 1-0

[Event "4NCL Division 4 South"]
[Site "Maidenhead, ENG"]
[Date "2020.02.08"]
[Round "5.165"]
[White "Vaidya, Pranav"]
[Black "Ford, Conor"]
[Result "1-0"]
[WhiteElo "812"]
[BlackElo "1450"]
[PlyCount "81"]
[EventDate "2020.02.08"]
[WhiteTeam "Barnet Knights 4"]
[BlackTeam "Barnet Knights 3"]

1. e4 e5 2. Nf3 Nc6 3. Bc4 Be7 4. c3 Nf6 5. d3 O-O 6. O-O d6 7. h3 Be6 8. Bxe6
fxe6 9. Qb3 Qc8 10. Nbd2 d5 11. Ng5 h6 12. Ngf3 Rb8 13. Qc2 Nh5 14. Re1 Nf4 15.
Nf1 Qe8 16. Bxf4 exf4 17. N1h2 dxe4 18. Rxe4 e5 19. Ng4 Bd6 20. d4 Rf5 21. Rae1
Qg6 22. Nh4 Qg5 23. Nxf5 Qxf5 24. d5 Ne7 25. Qb3 Ng6 26. c4 Kh8 27. Qc3 b6 28.
b4 h5 29. Nh2 Nh4 30. Nf3 Nxf3+ 31. Qxf3 Re8 32. Kh2 Bxb4 33. Rb1 Bd6 34. Rbe1
g5 35. Qxh5+ Kg7 36. Qxe8 g4 37. hxg4 Qxg4 38. Qe6 Qh4+ 39. Kg1 Bc5 40. Qxe5+
Kg6 41. Rxf4 1-0

[Event "4NCL Division 4 South"]
[Site "Maidenhead, ENG"]
[Date "2020.02.08"]
[Round "5.166"]
[White "Sanfey, Peter"]
[Black "Ford, Stephen"]
[Result "1-0"]
[WhiteElo "1485"]
[BlackElo "872"]
[PlyCount "59"]
[EventDate "2020.02.08"]
[WhiteTeam "Barnet Knights 3"]
[BlackTeam "Barnet Knights 4"]

1. e4 c6 2. Nf3 d5 3. Bd3 Nf6 4. Nc3 e5 5. Nxe5 Bd6 6. f4 dxe4 7. Nxe4 Bb4 8.
Qe2 Nd5 9. Bc4 Qh4+ 10. g3 Qh6 11. c3 Be7 12. Bxd5 cxd5 13. Qb5+ Kd8 14. Nxf7+
Kc7 15. Nxh6 gxh6 16. Qxd5 Rd8 17. Qe5+ Kd7 18. Nf6+ Bxf6 19. Qxf6 Kc7 20. O-O
Nd7 21. Qxh6 Nf8 22. Re1 Nd7 23. Qxh7 b5 24. Qe4 Nf6 25. Qxa8 Bb7 26. Re7+ Nd7
27. Qxa7 Ra8 28. Rxd7+ Kc6 29. Qxb7+ Kc5 30. Qxa8 1-0

[Event "4NCL Division 4 South"]
[Site "Maidenhead, ENG"]
[Date "2020.02.09"]
[Round "6.11"]
[White "Salmons, Calum"]
[Black "Rice, Chris B"]
[Result "1/2-1/2"]
[WhiteElo "2065"]
[BlackElo "2027"]
[PlyCount "83"]
[EventDate "2020.02.09"]
[WhiteTeam "Sussex Martlets 2"]
[BlackTeam "CSC 2"]

1. e4 a6 2. Nc3 e6 3. f4 d5 4. Nf3 Nf6 5. e5 Nfd7 6. d4 c5 7. Ne2 Nc6 8. c3 Be7
9. Be3 O-O 10. Qc2 f6 11. exf6 Rxf6 12. g3 cxd4 13. Nexd4 e5 14. Nxc6 bxc6 15.
Nxe5 Nxe5 16. fxe5 Re6 17. O-O-O Rxe5 18. Bd4 Bf5 19. Bd3 Bxd3 20. Qxd3 Re4 21.
Rhe1 Rxe1 22. Rxe1 Bf6 23. Kb1 Bxd4 24. Qxd4 Qd6 25. Qd3 a5 26. Qf5 Rf8 27.
Qe6+ Qxe6 28. Rxe6 Rf1+ 29. Kc2 Rf2+ 30. Kb3 Rxh2 31. Rxc6 Kf7 32. Ra6 Rg2 33.
Rxa5 Ke6 34. a4 Rxg3 35. Ra8 Kd6 36. Rc8 Kd7 37. Rc5 Kd6 38. Kb4 Rg4+ 39. Kb5
Rxa4 40. Rc6+ Kd7 41. Rc5 Kd6 42. Rc6+ 1/2-1/2

[Event "4NCL Division 4 South"]
[Site "Maidenhead, ENG"]
[Date "2020.02.09"]
[Round "6.12"]
[White "Kalitsis, Nikolaos"]
[Black "Rogacewicz, Mikolaj"]
[Result "0-1"]
[WhiteElo "2049"]
[BlackElo "2072"]
[PlyCount "67"]
[EventDate "2020.02.09"]
[WhiteTeam "CSC 2"]
[BlackTeam "Sussex Martlets 2"]

1. e4 e6 2. d4 d5 3. exd5 exd5 4. c4 Bb4+ 5. Nc3 Nf6 6. Bd3 O-O 7. Nf3 Re8+ 8.
Be3 Be6 9. c5 Bg4 10. O-O b6 11. a3 Bxc3 12. bxc3 Nbd7 13. cxb6 axb6 14. Bg5
Qe7 15. a4 Qd6 16. Bh4 Ra7 17. Bc2 Rea8 18. Qd3 g6 19. Bg3 Qc6 20. Qe3 Bxf3 21.
gxf3 Ne8 22. Ra3 Nd6 23. Bxd6 Qxd6 24. Rfa1 Nf6 25. Qg5 Nh5 26. Qe5 Qxe5 27.
dxe5 Re8 28. Re1 c6 29. c4 dxc4 30. Re4 b5 31. Rae3 Ng7 32. axb5 cxb5 33. h4
Rd8 34. h5 0-1

[Event "4NCL Division 4 South"]
[Site "Maidenhead, ENG"]
[Date "2020.02.09"]
[Round "6.13"]
[White "Tebbs, Howard L"]
[Black "Amato, Giampiero"]
[Result "0-1"]
[WhiteElo "2010"]
[BlackElo "2006"]
[PlyCount "82"]
[EventDate "2020.02.09"]
[WhiteTeam "Sussex Martlets 2"]
[BlackTeam "CSC 2"]

1. d4 Nf6 2. Bf4 g6 3. Nc3 c5 4. d5 d6 5. e4 Bg7 6. Nf3 O-O 7. h3 Re8 8. Be2
Na6 9. O-O Nc7 10. a4 b6 11. Qd2 a6 12. Rfe1 Bb7 13. Rad1 e6 14. Bc4 exd5 15.
exd5 Qd7 16. Qd3 Nh5 17. Bc1 Rxe1+ 18. Rxe1 b5 19. axb5 Bxc3 20. Qxc3 axb5 21.
Be2 Nxd5 22. Qd3 Ndf4 23. Bxf4 Nxf4 24. Qxb5 Qxb5 25. Bxb5 Bxf3 26. gxf3 Nxh3+
27. Kh2 Ng5 28. Bc6 Ra2 29. Rb1 Ne6 30. Kg3 Nd4 31. Bd5 Ra7 32. c3 Ne2+ 33. Kg4
h5+ 34. Kg5 Kg7 35. Rd1 Ra4 36. c4 f6+ 37. Kh4 Rb4 38. Ra1 g5+ 39. Kh3 Nf4+ 40.
Kg3 h4+ 41. Kh2 Nxd5 0-1

[Event "4NCL Division 4 South"]
[Site "Maidenhead, ENG"]
[Date "2020.02.09"]
[Round "6.14"]
[White "Fink-Nunn, Petra"]
[Black "Forster, Matthew"]
[Result "0-1"]
[WhiteElo "2000"]
[BlackElo "2034"]
[PlyCount "88"]
[EventDate "2020.02.09"]
[WhiteTeam "CSC 2"]
[BlackTeam "Sussex Martlets 2"]

1. e4 c5 2. Nf3 g6 3. d4 cxd4 4. Nxd4 Bg7 5. c4 Nc6 6. Be3 d6 7. Nc3 Nf6 8. Be2
O-O 9. Qd2 Nxd4 10. Bxd4 a5 11. b3 Bd7 12. O-O Bc6 13. f3 Nd7 14. Bf2 Nc5 15.
Rab1 f5 16. exf5 Rxf5 17. Bd1 e6 18. Bc2 Rh5 19. Rfd1 Be5 20. Bg3 Bxg3 21. hxg3
Qf6 22. Ne2 d5 23. Qf4 Qe7 24. cxd5 exd5 25. Nd4 Rf8 26. Qd2 Qc7 27. Ne2 Ne6
28. f4 Bb5 29. Nd4 Qc5 30. Rbc1 Qb6 31. Kf2 $11 Re8 32. g4 Rh1 33. Rxh1 Nxd4
34. Kg3 Re3+ 35. Kh2 Nf3+ 36. gxf3 Re2+ 37. Qxe2 Bxe2 38. Rhg1 Qe3 39. Rce1
Qf2+ 40. Kh3 Qxf3+ 41. Rg3 Bf1+ 42. Kh4 Qxf4 43. Rge3 Kg7 44. Rxf1 Qxe3 0-1

[Event "4NCL Division 4 South"]
[Site "Maidenhead, ENG"]
[Date "2020.02.09"]
[Round "6.15"]
[White "Howell, Chris I"]
[Black "Lawson, Maurice E"]
[Result "0-1"]
[WhiteElo "1957"]
[BlackElo "1966"]
[PlyCount "50"]
[EventDate "2020.02.09"]
[WhiteTeam "Sussex Martlets 2"]
[BlackTeam "CSC 2"]

1. e4 c6 2. d4 d5 3. exd5 cxd5 4. c4 Nf6 5. Nc3 e6 6. c5 b6 7. b4 Be7 8. Nf3
O-O 9. Bg5 h6 10. Bh4 bxc5 11. bxc5 Qa5 12. Qd2 Ba6 13. Ne5 Re8 14. Rb1 Nfd7
15. Nxd7 Bxh4 16. Rxb8 Raxb8 17. Bxa6 Qxa6 18. Nxb8 Rxb8 19. Qf4 Rb2 20. Qe3
Bxf2+ 21. Qxf2 Rxf2 22. Kxf2 e5 23. a4 Qf6+ 24. Ke2 exd4 25. Nb5 Qe7+ 0-1

[Event "4NCL Division 4 South"]
[Site "Maidenhead, ENG"]
[Date "2020.02.09"]
[Round "6.16"]
[White "Wolf, Gabriel"]
[Black "Graham, William M"]
[Result "0-1"]
[WhiteElo "1935"]
[BlackElo "1967"]
[PlyCount "96"]
[EventDate "2020.02.09"]
[WhiteTeam "CSC 2"]
[BlackTeam "Sussex Martlets 2"]

1. d4 Nf6 2. c4 g6 3. Nc3 Bg7 4. e4 d6 5. Be2 O-O 6. Nf3 e5 7. O-O Nc6 8. d5
Ne7 9. b4 Ne8 10. Nd2 f5 11. f3 f4 12. c5 Rf7 13. Nc4 Bf8 14. a4 Rg7 15. Bd2 g5
16. Be1 Ng6 17. Bf2 h5 18. cxd6 cxd6 19. Nb5 Nh4 20. Nxa7 Rxa7 21. Bxa7 g4 22.
Nb6 Nxg2 23. Kxg2 gxf3+ 24. Kh1 fxe2 25. Qxe2 Bg4 26. Rf3 Qc7 27. Raf1 Nf6 28.
Nc4 b5 29. axb5 Bxf3+ 30. Rxf3 Qxa7 31. b6 Qa1+ 32. Rf1 Qd4 33. Nd2 Qxb6 34. b5
Qd4 35. Qf2 Qxf2 36. Rxf2 Rb7 37. Rg2+ Kf7 38. Re2 Rxb5 39. Nf3 Bh6 40. Nh4 Rb4
41. Nf5 Bf8 42. Ra2 Nxe4 43. Ra7+ Kf6 44. Nh4 Ng5 45. Ra8 Be7 46. Rg8 f3 47.
Nxf3 Nxf3 48. Kg2 Rg4+ 0-1

[Event "4NCL Division 4 South"]
[Site "Maidenhead, ENG"]
[Date "2020.02.09"]
[Round "6.21"]
[White "Gibbs, Dominic V"]
[Black "Rathbone-Jones, Ifan"]
[Result "1-0"]
[WhiteElo "1898"]
[BlackElo "2072"]
[PlyCount "109"]
[EventDate "2020.02.09"]
[WhiteTeam "Iceni 2"]
[BlackTeam "Fischer's Catch"]

1. e4 d5 2. exd5 Nf6 3. c4 c6 4. Nc3 cxd5 5. d4 Nc6 6. Nf3 Bg4 7. cxd5 Nxd5 8.
Qb3 Bxf3 9. gxf3 Nb6 10. Be3 e6 11. O-O-O Rc8 12. Kb1 Bd6 13. d5 exd5 14. Nxd5
Nxd5 15. Qxd5 Be7 16. Bb5 Qxd5 17. Rxd5 O-O 18. Rd7 Bf6 19. Bxc6 bxc6 20. Bxa7
c5 21. Rc1 Rfe8 22. Bxc5 Re2 23. Bd4 Rb8 24. Bxf6 gxf6 25. b3 Rxf2 26. Rc2 Rxf3
27. Rdc7 Rb5 28. R7c3 Rf1+ 29. Kb2 f5 30. a4 Ra5 31. Rc5 Ra7 32. Ka3 Kf8 33. a5
f4 34. Rf5 Ke7 35. Re2+ Kd6 36. Kb4 Rb1 37. a6 Kc6 38. Rc2+ Kd6 39. Rf2 Ra1 40.
Kb5 Ra8 41. Rxf7 Rb8+ 42. Rb7 Ra8 43. Rxf4 Ke5 44. Ra4 Rd1 45. Rxh7 Rb8+ 46.
Rb7 Rd5+ 47. Kb4 Ra8 48. Ra5 Kd6 49. Rxd5+ Kc6 50. Rc5+ Kd6 51. a7 Re8 52. Rb8
Re7 53. a8=Q Rb7+ 54. Rxb7 Ke6 55. Qa6# 1-0

[Event "4NCL Division 4 South"]
[Site "Maidenhead, ENG"]
[Date "2020.02.09"]
[Round "6.22"]
[White "Thorpe, Thomas"]
[Black "Lenton, Oliver J"]
[Result "1-0"]
[WhiteElo "2027"]
[BlackElo "1907"]
[PlyCount "75"]
[EventDate "2020.02.09"]
[WhiteTeam "Fischer's Catch"]
[BlackTeam "Iceni 2"]

1. e4 d6 2. Nc3 Nf6 3. f4 e5 4. Nf3 Nbd7 5. Bc4 Be7 6. d3 c6 7. a4 h6 8. Qe2 a5
9. O-O b6 10. Bd2 Ba6 11. Bxa6 Rxa6 12. Kh1 Ra8 13. Rae1 O-O 14. Nd1 Re8 15.
fxe5 dxe5 16. Ne3 Bf8 17. Bc3 b5 18. Qf2 Qc7 19. Nh4 g6 20. axb5 Bg7 21. bxc6
Qxc6 22. Nd5 Re6 23. Ra1 a4 24. Bb4 Nxd5 25. Qxf7+ Kh7 26. exd5 Qxd5 27. Nxg6
Qc6 28. Ne7 Qb6 29. Nf5 Rg6 30. Qxd7 Qxb4 31. Nxg7 Rxg7 32. Qf5+ Kh8 33. Qe4
Qa5 34. Rf6 Raa7 35. Raf1 Qc5 36. Rxh6+ Rh7 37. Rg6 Qe7 38. Qxe5+ 1-0

[Event "4NCL Division 4 South"]
[Site "Maidenhead, ENG"]
[Date "2020.02.09"]
[Round "6.23"]
[White "Feavyour, John A"]
[Black "Sivarajasingam, Shayanna"]
[Result "1/2-1/2"]
[WhiteElo "1944"]
[BlackElo "1778"]
[PlyCount "150"]
[EventDate "2020.02.09"]
[WhiteTeam "Iceni 2"]
[BlackTeam "Fischer's Catch"]

1. d4 d5 2. c4 e6 3. Nc3 Nf6 4. Bg5 Be7 5. e3 O-O 6. cxd5 exd5 7. Qc2 c6 8. Bd3
h6 9. Bh4 Nbd7 10. Nf3 Re8 11. O-O Ne4 12. Bxe7 Qxe7 13. Rae1 Ndf6 14. Ne5 Nxc3
15. bxc3 c5 16. Bb5 Rd8 17. Be2 c4 18. f3 Qc7 19. e4 b5 20. a4 a6 21. Ra1 Be6
22. Rfb1 Rab8 23. axb5 axb5 24. Bf1 Nd7 25. Nxd7 Qxd7 26. g3 Qd6 27. Rb4 Bd7
28. Bg2 Bc6 29. e5 Qd7 30. f4 Ra8 31. Rbb1 Qe7 32. Qb2 Rxa1 33. Rxa1 Rb8 34.
Ra5 Qf8 35. Ra6 Rc8 36. Rxc6 Rxc6 37. Qxb5 Rc8 38. Bxd5 Qe8 39. Qxe8+ Rxe8 40.
Bxc4 Rc8 41. Be2 Rxc3 42. d5 g6 43. d6 Kf8 44. Kf2 g5 45. Bf3 gxf4 46. gxf4 Rb3
47. Bd5 Rd3 48. Be4 Rd2+ 49. Kg3 Re2 50. Bf5 Rd2 51. h3 Rd5 52. Kg4 f6 53. Be4
Rd2 54. Kf5 fxe5 55. fxe5 Ke8 56. Ke6 Rh2 57. Bf5 Rd2 58. Kf6 Rd1 59. d7+ Kd8
60. e6 Re1 61. Kg6 Re5 62. Kf6 Re1 63. Bg4 Re3 64. Kg6 Ke7 65. Kxh6 Re4 66. Kg6
Rf4 67. Kg5 Rf8 68. Bf5 Rg8+ 69. Kf4 Rh8 70. Ke5 Ra8 71. Bg4 Ra5+ 72. Kf4 Ra8
73. Ke5 Ra5+ 74. Kd4 Rg5 75. Ke4 Ra5 1/2-1/2

[Event "4NCL Division 4 South"]
[Site "Maidenhead, ENG"]
[Date "2020.02.09"]
[Round "6.24"]
[White "Chong, Kimberly"]
[Black "Szymanski, Mark"]
[Result "1-0"]
[WhiteElo "1777"]
[BlackElo "1789"]
[PlyCount "71"]
[EventDate "2020.02.09"]
[WhiteTeam "Fischer's Catch"]
[BlackTeam "Iceni 2"]

1. e4 c6 2. d4 d5 3. exd5 cxd5 4. c4 Nf6 5. Nc3 g6 6. Nf3 Bg7 7. cxd5 O-O 8.
Bc4 Na6 9. O-O Bf5 10. Qb3 Qb6 11. Qxb6 axb6 12. Nh4 Bd7 13. Re1 Rfe8 14. Nf3
Nb4 15. Re2 Bf5 16. Bf4 Bd3 17. Bxd3 Nxd3 18. Bc7 Nb4 19. d6 exd6 20. Rxe8+
Rxe8 21. Bxd6 Nbd5 22. Be5 Rc8 23. Bxf6 Nxf6 24. Re1 Kf8 25. Re5 Nd7 26. Rd5
Ke7 27. Rb5 h6 28. Kf1 Kd6 29. Ke2 Kc6 30. Kd3 Rd8 31. Kc4 Re8 32. b4 Re7 33.
Rd5 Re8 34. Nb5 Bf8 35. Rd6+ Bxd6 36. d5# 1-0

[Event "4NCL Division 4 South"]
[Site "Maidenhead, ENG"]
[Date "2020.02.09"]
[Round "6.25"]
[White "Jones, Robert L"]
[Black "Sivarajasingam, Venetia"]
[Result "0-1"]
[WhiteElo "1752"]
[BlackElo "1742"]
[PlyCount "60"]
[EventDate "2020.02.09"]
[WhiteTeam "Iceni 2"]
[BlackTeam "Fischer's Catch"]

1. e4 e6 2. d4 d5 3. Nc3 dxe4 4. f3 Bb4 5. a3 Bxc3+ 6. bxc3 c5 7. Be3 Nf6 8.
dxc5 Qxd1+ 9. Rxd1 Nc6 10. Bb5 O-O 11. Bxc6 bxc6 12. Bd4 exf3 13. Nxf3 Ba6 14.
Ne5 Bb5 15. Nd3 Ne4 16. Nf2 Nf6 17. Nd3 Rab8 18. O-O Nd5 19. Rf2 f6 20. Nb4 Ne7
21. Be3 a5 22. Nd3 Nd5 23. Bd2 Bc4 24. Nf4 Nc7 25. Nd3 e5 26. Re1 Rfd8 27. Nxe5
fxe5 28. Rxe5 Rb1+ 29. Re1 Rxe1+ 30. Bxe1 Rd1 0-1

[Event "4NCL Division 4 South"]
[Site "Maidenhead, ENG"]
[Date "2020.02.09"]
[Round "6.26"]
[White "Jaberansari, Daniel"]
[Black "John, Adam"]
[Result "0-1"]
[WhiteElo "1434"]
[BlackElo "1659"]
[PlyCount "64"]
[EventDate "2020.02.09"]
[WhiteTeam "Fischer's Catch"]
[BlackTeam "Iceni 2"]

1. e4 e6 2. Nf3 d5 3. e5 c5 4. b4 d4 5. bxc5 Bxc5 6. Ba3 Be7 7. Bb5+ Nc6 8. O-O
a6 9. Bxc6+ bxc6 10. Bxe7 Nxe7 11. d3 c5 12. Nbd2 O-O 13. Nc4 Nc6 14. Re1 Qc7
15. Qe2 Rd8 16. Rab1 h6 17. Qe4 Rb8 18. Qe2 a5 19. Nfd2 Ba6 20. f4 $11 Nb4 21.
Rb2 Nd5 22. Rxb8 Rxb8 23. Qg4 Nb4 24. f5 exf5 25. Qxf5 Bc8 26. Qf4 Be6 27. Rf1
Nxc2 28. Rf3 Nb4 29. Rg3 Kh8 30. Nd6 Nd5 31. Qe4 Nc3 32. Qh4 Ne2+ 0-1

[Event "4NCL Division 4 South"]
[Site "Maidenhead, ENG"]
[Date "2020.02.09"]
[Round "6.31"]
[White "Tivillier, Jacques"]
[Black "Guha, Chirag"]
[Result "1/2-1/2"]
[WhiteElo "1945"]
[BlackElo "2057"]
[PlyCount "70"]
[EventDate "2020.02.09"]
[WhiteTeam "Celtic Tigers 2"]
[BlackTeam "Wood Green Youth"]

1. e4 e5 2. Nf3 Nc6 3. Bc4 Nf6 4. d3 Bc5 5. O-O d6 6. c3 h6 7. h3 a6 8. a4 Ba7
9. Re1 O-O 10. Nbd2 Be6 11. Bxe6 fxe6 12. Nf1 Nh5 13. Be3 Bxe3 14. fxe3 Qf6 15.
Kh2 $11 g5 16. N3d2 Ng7 17. Ng3 Qg6 18. Qe2 h5 19. Rf1 g4 20. hxg4 hxg4 21.
Rxf8+ Rxf8 22. Rf1 Nb8 23. Rxf8+ Kxf8 24. Qf2+ Ke7 25. d4 Nd7 26. b4 Qg5 27.
Kg1 Nf6 28. Kf1 Ngh5 29. Nxh5 Qxh5 30. Qg3 Qg5 31. dxe5 dxe5 32. Ke2 $11 Nh5
33. Qf2 Nf6 34. Qg3 Nh5 35. Qf2 Nf6 1/2-1/2

[Event "4NCL Division 4 South"]
[Site "Maidenhead, ENG"]
[Date "2020.02.09"]
[Round "6.32"]
[White "Norinkeviciute, Rasa"]
[Black "Kelmendi, Bajrush"]
[Result "0-1"]
[WhiteElo "2018"]
[BlackElo "1929"]
[PlyCount "126"]
[EventDate "2020.02.09"]
[WhiteTeam "Wood Green Youth"]
[BlackTeam "Celtic Tigers 2"]

1. c4 g6 2. g3 Bg7 3. Bg2 c5 4. Nc3 Nc6 5. Nf3 b6 6. O-O Bb7 7. d3 Nd4 8. e4 e6
9. Be3 d6 10. Bxd4 cxd4 11. Qa4+ Qd7 12. Qxd7+ Kxd7 13. Nb5 e5 14. Ng5 Ke7 15.
Nc7 Rc8 16. Nd5+ Bxd5 17. exd5 Bh6 18. Bh3 Rc7 19. Nf3 f5 20. Rfe1 Kf7 21. Re2
Nf6 22. b3 Rb8 23. Rb2 b5 24. Rab1 Nd7 25. Bf1 Nc5 26. h4 Kf6 27. Nd2 Bxd2 28.
Rxd2 bxc4 29. dxc4 a5 30. f3 Rcb7 31. Re1 a4 32. f4 axb3 33. fxe5+ dxe5 34.
axb3 Rxb3 35. Kh2 Ne4 36. Ra2 R8b6 37. Bg2 Nc5 38. Ra5 Nb7 39. Ra8 Rb2 40. Rf8+
Kg7 41. Rc8 e4 42. Rc7+ Kf6 43. Kh3 Rc2 44. Bxe4 fxe4 45. Rxe4 d3 46. Rd4 d2
47. Rc6+ Ke5 48. Rxd2 Rxd2 49. Rxb6 Nc5 50. Rc6 Ne4 51. Re6+ Kf5 52. Re7 h5 53.
Rf7+ Nf6 54. g4+ hxg4+ 55. Kg3 Rd4 56. Re7 Ne4+ 57. Kg2 Kf4 58. Rf7+ Ke3 59.
Rg7 Rxc4 60. Rxg6 Rc2+ 61. Kg1 Kf3 62. Rg8 Rc1+ 63. Kh2 g3+ 0-1

[Event "4NCL Division 4 South"]
[Site "Maidenhead, ENG"]
[Date "2020.02.09"]
[Round "6.33"]
[White "Buttell, David"]
[Black "Hussain, Adam"]
[Result "0-1"]
[WhiteElo "1930"]
[BlackElo "1945"]
[PlyCount "132"]
[EventDate "2020.02.09"]
[WhiteTeam "Celtic Tigers 2"]
[BlackTeam "Wood Green Youth"]

1. d4 e6 2. Nf3 b6 3. g3 Bb7 4. Bg2 f5 5. c4 Bb4+ 6. Bd2 Qe7 7. O-O Nf6 8. Bf4
Bd6 9. Bxd6 Qxd6 10. e3 O-O 11. Nbd2 Qe7 12. Ne5 Bxg2 13. Kxg2 d6 14. Nd3 Nbd7
15. Rc1 c5 16. b3 e5 17. d5 Kh8 18. Qc2 g5 19. Rce1 Rg8 20. f4 gxf4 21. exf4 e4
22. Nb2 Rg6 23. Nd1 Rf8 24. Ne3 Ng4 25. Qc3+ Kg8 26. Nxg4 Rxg4 27. Rh1 Nf6 28.
Nf1 Nh5 29. Kf2 Rf6 30. Ne3 Rg7 31. Reg1 Rf8 32. Rg2 Nxf4 33. gxf4 Qh4+ 34. Kf1
Qxf4+ 35. Rf2 Qg5 36. Qxg7+ Kxg7 37. Rg1 Kf6 38. Rxg5 Kxg5 39. h4+ Kg6 40. Rf4
Rf6 41. Ke2 Rf7 42. Nd1 Kf6 43. Ne3 Ke5 $11 44. Rf1 f4 45. Ng4+ Kd4 46. Rd1+
Kc3 47. Nf2 Re7 48. Rg1 e3 49. Nd1+ Kc2 50. Rf1 Re4 51. h5 a5 52. h6 a4 53.
bxa4 Rxc4 54. Nxe3+ fxe3 55. Rf7 Rd4 56. Rxh7 Rxd5 57. Rb7 Rh5 58. h7 Kc3 59.
Rxb6 d5 60. Rb5 Kd4 61. Rb7 c4 62. a5 Rh2+ 63. Kf3 e2 64. h8=Q+ Rxh8 65. Kxe2
Rh2+ 66. Kd1 Kd3 0-1

[Event "4NCL Division 4 South"]
[Site "Maidenhead, ENG"]
[Date "2020.02.09"]
[Round "6.34"]
[White "Woodhouse, Stephen V"]
[Black "Cranston, Adam"]
[Result "1-0"]
[WhiteElo "1850"]
[BlackElo "1765"]
[PlyCount "105"]
[EventDate "2020.02.09"]
[WhiteTeam "Wood Green Youth"]
[BlackTeam "Celtic Tigers 2"]

1. e4 c6 2. d4 d5 3. exd5 cxd5 4. c4 Nf6 5. Nc3 Nc6 6. Nf3 g6 7. cxd5 Nxd5 8.
Bc4 e6 9. O-O Bg7 10. Nxd5 exd5 11. Re1+ Be6 12. Bb3 O-O 13. Be3 Rc8 14. Qd2
Re8 15. Rac1 Bg4 16. Bd1 Qd7 17. Be2 Bf5 18. Bf4 Re4 19. Bb5 a6 20. Bxc6 bxc6
21. Ne5 Qb7 22. b3 Qb6 23. Rxe4 Bxe4 24. Rc5 h6 25. Qc3 g5 26. Bg3 Bxe5 27.
Bxe5 Kh7 28. Qh3 Qb4 29. Qc3 Qxc3 30. Rxc3 Kg6 31. f3 Bf5 32. Kf2 h5 33. Bd6
Bd7 34. Re3 Re8 35. Rxe8 Bxe8 36. Ke3 Bd7 37. Kd3 Kf5 38. Kc3 Ke6 39. Bc7 g4
40. Kb4 Bc8 41. fxg4 hxg4 42. Kc5 Kf5 43. Kxc6 Ke4 44. Be5 f5 45. g3 Be6 46. b4
Kd3 47. a4 Kc4 48. b5 a5 49. b6 Bc8 50. b7 Bxb7+ 51. Kxb7 Kb4 52. Kc6 Kxa4 53.
Kxd5 1-0

[Event "4NCL Division 4 South"]
[Site "Maidenhead, ENG"]
[Date "2020.02.09"]
[Round "6.35"]
[White "Hoong, Jonathan"]
[Black "Cranston, Richard"]
[Result "1-0"]
[WhiteElo "1750"]
[BlackElo "1562"]
[PlyCount "95"]
[EventDate "2020.02.09"]
[WhiteTeam "Celtic Tigers 2"]
[BlackTeam "Wood Green Youth"]

1. e4 c5 2. Nf3 d6 3. d4 cxd4 4. Nxd4 Nf6 5. Nc3 a6 6. Bc4 b5 7. Bd3 Bb7 8. a3
h6 9. O-O e6 10. Re1 Be7 11. Be3 O-O 12. f3 Nbd7 13. Bf2 Rc8 14. Qd2 Ne5 15.
Rad1 Nc4 16. Bxc4 bxc4 17. Qe2 Re8 18. e5 dxe5 19. Nc6 Qc7 20. Nxe7+ Rxe7 21.
Qxe5 Rd7 22. Rxd7 Qxd7 23. Rd1 Nd5 24. Ne4 Qa4 25. Bd4 f6 26. Qxe6+ Kh8 27. Rd2
Qe8 28. Qxe8+ Rxe8 29. Nd6 Re7 30. Nxb7 Rxb7 31. Re2 Rd7 32. Re8+ Kh7 33. c3
Nf4 34. Kf1 Nd3 35. Rb8 Re7 36. g4 Re1+ 37. Kg2 Re2+ 38. Kg3 Nxb2 39. Rb7 Kg8
40. Rb8+ Kf7 41. Rb7+ Kg8 42. h4 Nd1 43. g5 Rc2 44. g6 Kf8 45. Bc5+ Ke8 46.
Rxg7 Nxc3 47. Re7+ Kd8 48. g7 1-0

[Event "4NCL Division 4 South"]
[Site "Maidenhead, ENG"]
[Date "2020.02.09"]
[Round "6.36"]
[White "Lazarevic, Ljubica"]
[Black "Portheault, Benjamin"]
[Result "1-0"]
[WhiteElo "1416"]
[BlackElo "1502"]
[PlyCount "65"]
[EventDate "2020.02.09"]
[WhiteTeam "Wood Green Youth"]
[BlackTeam "Celtic Tigers 2"]

1. e4 e6 2. d4 d5 3. Nc3 Nf6 4. e5 Nfd7 5. Nf3 c5 6. Be3 a6 7. Ne2 c4 8. c3 Be7
9. g3 Nc6 10. Bh3 Nf8 11. Qd2 h6 12. Nf4 Nh7 13. Nh5 Rg8 14. Bg2 g5 15. h4 f5
16. Rh2 Kd7 17. hxg5 hxg5 18. O-O-O Kc7 19. Rdh1 g4 20. Ne1 Ng5 21. Nf4 Bd7 $11
22. Rh6 Qf8 23. R1h5 Re8 24. Rxg5 Bxg5 25. Nxd5+ exd5 26. Bxg5 Qf7 27. Rf6 Qg7
28. Bh6 Qe7 29. Bxd5 Nxe5 30. dxe5 Qxe5 31. Bf4 Qxf4 32. Qxf4+ Kc8 33. Bxg8 1-0

[Event "4NCL Division 4 South"]
[Site "Maidenhead, ENG"]
[Date "2020.02.09"]
[Round "6.41"]
[White "Karamazondo, Ernest"]
[Black "Patel, Rishi"]
[Result "1-0"]
[WhiteElo "2117"]
[BlackElo "1902"]
[PlyCount "41"]
[EventDate "2020.02.09"]
[WhiteTeam "Watford 1"]
[BlackTeam "Cambridge University 3"]

1. e4 e5 2. Bc4 Nc6 3. Nf3 Bc5 4. d4 exd4 5. O-O d6 6. c3 dxc3 7. Qb3 Qe7 8.
Nxc3 Qd7 9. Nd5 Nge7 10. Bh6 Nd4 11. Nxd4 Bxd4 12. Rad1 Nxd5 13. exd5 Bf6 14.
Rfe1+ Kf8 15. Bb5 c6 16. dxc6 bxc6 17. Qf3 Bb7 18. Qxf6 Rg8 19. Rxd6 Qc7 20.
Red1 Re8 21. Rd7 1-0

[Event "4NCL Division 4 South"]
[Site "Maidenhead, ENG"]
[Date "2020.02.09"]
[Round "6.42"]
[White "Campbell, Mark C"]
[Black "Nelson, Omowale"]
[Result "0-1"]
[WhiteElo "1889"]
[BlackElo "2027"]
[PlyCount "68"]
[EventDate "2020.02.09"]
[WhiteTeam "Cambridge University 3"]
[BlackTeam "Watford 1"]

1. e4 c6 2. d4 d5 3. e5 Bf5 4. Nf3 e6 5. Be2 Ne7 6. O-O c5 7. c3 Nd7 8. Na3 Nc6
9. Nc2 Be7 10. b3 O-O 11. Bb2 Rc8 12. Ne3 Be4 13. Bd3 Bxd3 14. Qxd3 Qb6 15. Qd2
Rfd8 16. Rfd1 a5 17. Qe2 a4 18. bxa4 Qa5 19. c4 cxd4 20. Nxd4 Nxd4 21. Bxd4 Qa6
22. Rd2 dxc4 23. Rc1 Bb4 24. Rdc2 Ba3 25. Rb1 Bc5 26. Bxc5 Rxc5 27. Nxc4 Qc6
28. f4 Nf8 29. Ne3 Rd4 30. g3 Rxa4 31. Rxc5 Qxc5 32. Rxb7 Qc1+ 33. Kg2 Qc6+ 34.
Qf3 Rxa2+ 0-1

[Event "4NCL Division 4 South"]
[Site "Maidenhead, ENG"]
[Date "2020.02.09"]
[Round "6.43"]
[White "Luberto, Michael"]
[Black "Lim, Mark"]
[Result "1-0"]
[WhiteElo "1930"]
[BlackElo "1794"]
[PlyCount "59"]
[EventDate "2020.02.09"]
[WhiteTeam "Watford 1"]
[BlackTeam "Cambridge University 3"]

1. e4 e6 2. Nf3 d5 3. e5 c5 4. c3 Nc6 5. d4 Nge7 6. Be2 Nf5 7. dxc5 Bxc5 8. b4
Bb6 9. b5 Na5 10. Bd3 Nh4 11. O-O Nxf3+ 12. Qxf3 Qc7 13. Qg3 g6 14. Bg5 Nc4 15.
Bf6 Rg8 16. a4 h5 17. Re1 Qc5 18. Bxc4 Qxc4 19. Nd2 Qc5 20. c4 Bd8 21. Rac1
Bxf6 22. exf6 Qd4 23. cxd5 Qxf6 24. Ne4 Qd8 25. Rc7 Kf8 26. Qf4 Rg7 27. d6 e5
28. Qxe5 Be6 29. Ng5 Bf5 30. Rxf7+ 1-0

[Event "4NCL Division 4 South"]
[Site "Maidenhead, ENG"]
[Date "2020.02.09"]
[Round "6.45"]
[White "Taylor, Alistair"]
[Black "Nettleton, Robin"]
[Result "1-0"]
[WhiteElo "1787"]
[BlackElo "1317"]
[PlyCount "60"]
[EventDate "2020.02.09"]
[WhiteTeam "Watford 1"]
[BlackTeam "Cambridge University 3"]

1. e4 e5 2. Nf3 Nc6 3. Bc4 Nf6 4. d3 d6 5. c3 Bg4 6. h3 Bxf3 7. Qxf3 Na5 8.
Bb5+ c6 9. Ba4 b5 10. Bc2 Nd7 11. b4 Nb7 12. Bb3 Qf6 13. Nd2 Qxf3 14. Nxf3 h6
15. a4 Nb6 16. axb5 cxb5 17. Be3 Nc8 18. Bd5 Rb8 19. Bc6+ Ke7 20. Bxb5 Nd8 21.
Bc4 Kf6 22. Ke2 Be7 23. Bxa7 Nxa7 24. Rxa7 Ne6 25. g3 Rhc8 26. Rha1 Nc7 27. d4
Nb5 28. dxe5+ dxe5 29. Bxb5 Bd8 30. c4 Ke6 1-0